01491pam a2200337 a 4500999001900000001000800019003000500027005001700032008004100049010001700090020002700107038001100134040001800145042000900163082001300172130002700185245011700212260006600329300002100395440007000416520013800486650002300624650002800647650003700675700006600712856010400778856008900882906004500971942001201016952012501028 c174502d1745022507066Nust20180801060251.0921112r1993 nyua j 000 0 eng  a 92055071  a9780140367829cRs. 540 aArshad aDLCcDLCdDLC alcac00a823bDAW0 aArabian nights.91220810aAladdin and other tales from the Arabian nights /cUnknown ; with illustrations by W. Heath Robinson and others. aNew York :bA.A. Knopf :bDistributed by Random House,c1978. a201 p. :c21 cm. 0aEngravings on Wood from original designs by William Harvey912209 aA collection of tales told by Scheherazade to amuse the cruel sultan and stop him from executing her as he had his other daily wives. 1aFairy tales.97693 1aArabsxFolklore.912210 1aFolklorezArab countries.9122111 aRobinson, W. Heathq(William Heath),d1872-1944,eill.912212423Contributor biographical informationuhttp://www.loc.gov/catdir/enhancements/fy0703/92055071-b.html423Publisher descriptionuhttp://www.loc.gov/catdir/enhancements/fy0703/92055071-d.html a7bcbccorignewd1eocipf19gy-gencatlg 2ddccBK 00102ddc40708FICaCLbCLcFICd2017-01-29l2o823 DAWpCL1442q2022-01-29r2021-12-30s2021-12-30t1w2017-01-29yBK